| 000 | 00835nam a2200169 i 4500 | ||
|---|---|---|---|
| 001 | 153894 | ||
| 003 | ES-MaACL | ||
| 005 | 20230906205426.0 | ||
| 008 | 050830s1867 sp | |||||||| ||spa d | ||
| 040 |
_aCAM _bspa _cCAM |
||
| 110 | 2 |
_aEspaña. _bMinisterio de Fomento. _93868 |
|
| 245 | 1 | 0 |
_aEscalafón de antigüedad de los catedráticos de las Universidades del Reino _b: según el lugar que corresponde a cada uno de ellos en 1º de Enero de 1868. |
| 260 |
_aMadrid : _b[s.n.], _c1867 ( _fImprenta del Colegio de Sordo-Mudos y de Ciegos) |
||
| 300 |
_a20 p. ; _c22 cm. |
||
| 650 | 4 |
_aProfesores universitarios- _zEspaña- _vEscalafones. _9145019 |
|
| 852 |
_aES-MaACL _jT-707-F-12 _z-- Enc. hol., conservando la enc. original _q-- Enc. en un vol. facticio _z.- Sello de "Los Escolares Médicos" y anotación ms. de Gustavo Saénz Diez |
||
| 999 |
_c153894 _d153894 |
||